| 000 | 00797nam a2200217 a 4500 | ||
|---|---|---|---|
| 999 |
_c9348 _d9348 |
||
| 001 | 9348 | ||
| 003 | BD-JhCC | ||
| 005 | 20180529095237.0 | ||
| 008 | 180313s1986 bg |||| ||a| 000 0 ben d | ||
| 035 | _a(BD-JhCC)9348 | ||
| 040 |
_aBD-JhCC _dBD-JhCC |
||
| 041 | _aben | ||
| 082 |
_a923 _bMOK 1986 |
||
| 100 | _aমকসুদ, সৈয়দ আবুল | ||
| 245 |
_aভাসানী : _bমাওলানা আবদুল হামিদ খান ভাসানীর জীবন, কর্ম কান্ড, রাজনীতি ও দর্শন / _cসৈয়দ আবুল মকসুদ, |
||
| 260 |
_aঢাকা : _bষ্টুডেন্ট ওয়েজ _c1986 |
||
| 300 |
_a527 p. : _c20 cm. |
||
| 650 | _aBiography | ||
| 942 |
_2ddc _cBK |
||